Theorie der phantastischen Literatur

Saved in:
Bibliographic Details
Main Author Durst, Uwe, 1965- (Author)
Format Book
LanguageGerman
Published Berlin : Lit, 2010
Edition2. Auflage
SeriesLiteratur
Subjects
ISBN978-3-8258-9625-6
Physical Description436 stran : ilustrace ; 21 cm

Cover

LEADER 00000nam a2200000 i 4500
001 115571
003 CZ ZlUTB
005 20260504131057.0
007 ta
008 260504s2010 gw a f 001 0 ger d
020 |a 978-3-8258-9625-6  |q (brožováno) 
040 |a ZLD002  |b cze  |e rda 
045 |a v-x- 
072 7 |a 82-1/-8  |x Literatura různých forem a žánrů (o ní)  |2 Konspekt  |9 11 
080 |a 82-312.9  |2 MRF 
080 |a 82.0  |2 MRF 
080 |a 82.09  |2 MRF 
080 |a (048.8)  |2 MRF 
100 1 |a Durst, Uwe,  |d 1965-  |7 jo20191028366  |4 aut 
245 1 0 |a Theorie der phantastischen Literatur /  |c Uwe Durst 
250 |a 2. Auflage 
264 1 |a Berlin :  |b Lit,  |c 2010 
300 |a 436 stran :  |b ilustrace ;  |c 21 cm 
336 |a text  |b txt  |2 rdacontent 
337 |a bez média  |b n  |2 rdamedia 
338 |a svazek  |b nc  |2 rdacarrier 
490 1 |a Literatur, Forschung und Wissenschaft ;  |v Band 9 
500 |a "Aktualisierte, korrigierte und erweiterte Neuausgabe"--Obálka 
504 |a Obsahuje bibliografie, bibliografické odkazy a rejstřík 
648 7 |a 18.-20. století  |7 ch757019  |2 czenas 
650 0 7 |a fantastická literatura  |7 ph114522  |2 czenas 
650 0 7 |a literární teorie  |7 ph116427  |2 czenas 
650 0 7 |a literárněvědné rozbory  |7 ph138745  |2 czenas 
650 0 9 |a fantastic fiction  |2 eczenas 
650 0 9 |a literary theory  |2 eczenas 
650 0 9 |a literary criticism and history  |2 eczenas 
655 7 |a monografie  |7 fd132842  |2 czenas 
655 9 |a monographs  |2 eczenas 
710 2 |a LIT (firma)  |7 xx0322382  |4 pbl 
830 0 |a Literatur 
910 |a ZLD002 
942 |2 udc 
952 |0 0  |1 0  |4 0  |5 0  |6 82088DURSTU  |7 0  |8 BOOK  |9 190962  |a UTBZL  |b UTBZL  |c 019  |d 2026-05-04  |l 1  |o 820/88/DURST,U.  |p 420010201496  |q 2027-05-06  |r 2026-05-06 17:03:33  |s 2026-05-06  |v 732.00  |w 2026-05-04  |x N:nákup  |y 08 
992 |a BK  |b SKNEW 
999 |c 115571  |d 115571